000 00682nam a2200205Ia 4500
003 GCL
008 140319s9999 xx 000 0 ara d
040 _aGCL /
_cGCL
082 0 4 _a811.009
_bا ز
100 1 _aاحمد كشك
245 1 0 _aالزحاف والعله: رؤية فى التجديد والأصوات والايقاع /
_cاحمد كشك
260 _aالقاهرة :
_bدار غريب للطباعة والنشر والتوزيع
300 _a427
490 _aكتاب
_v0
650 0 4 _aالشعر العربى
650 0 4 _aالادب العربى
650 0 4 _aالاوزان الشعرية
650 0 4 _aالعروض والقوافى
942 _2ddc
_cBK
999 _c42998
_d42998